00695 2200205 4500001002100000005001500021035002000036007000300056008004100059020002300100082001200123084001800135100002700153245009000180250001600270260009700286300003900383650005100422990001600473INLIS00000000000002920231101032001 a0010-1123000017ta231101 0 ind  a978-602-244-389-8; a410-419 a410-419 MAY b0 aMaya Lestari Gusfitri;1 aBuku Panduan Guru Bahasa Indonesia Kelas VIII; /cMaya Lestari Gusfitri; Elly Delfia; acat 1 2021; aJakarta Selatan; :bPusat Perbukuan Badan Standar, Kurikulum, dan Asesmen Pendidikan;,c2021 aX, 214 hlm :bilus ;c17.6 X 25 cm 4aBuku Panduan Guru Bahasa Indonesia Kelas VIII; a00000000228